| 000 | 00715nam a2200205 i 4500 | ||
|---|---|---|---|
| 001 | 122438 | ||
| 003 | ES-MaACL | ||
| 005 | 20250321174950.0 | ||
| 007 | t| | ||
| 008 | 070214s1940 sp r ||||1| spa d | ||
| 100 | 1 |
_aPrimo de Rivera, José Antonio, _d1903-1936 _9142533 |
|
| 245 | 1 | 0 |
_aJose Antonio Primo de Rivera (Antología) / _cselección y prólogo de Gonzalo Torrente Ballester. |
| 260 |
_aBarcelona : _bSopena, _c1940. |
||
| 300 |
_a263 p. ; _c17 cm. |
||
| 490 | 1 | _aBreviarios del pensamiento español | |
| 700 | 1 |
_aTorrente Ballester, Gonzalo, _d1910-1999 _9110850 |
|
| 830 | 0 |
_aBreviarios del pensamiento español _9180739 |
|
| 852 |
_aES-MaACL _jA-5343 _bR.18463 |
||
| 999 |
_c122438 _d122438 |
||